| 000 | 00944nam a22002415i 4500 | ||
|---|---|---|---|
| 001 | 48023 | ||
| 003 | ES-MaACL | ||
| 005 | 20230906161658.0 | ||
| 007 | t| | ||
| 008 | 981130s1900 sp ||||1| spa d | ||
| 040 |
_aCAM _bspa _cCCPB |
||
| 100 | 1 |
_aColumna, Guido de. _939912 |
|
| 245 | 1 | 0 |
_aCrónica troyana _b: códice gallego del s. XIV de la Biblioteca Nacional de Madrid : con apuntes gramaticales y vocabulario / _cpor Manuel R. Rodríguez ; publicalo a expensas de la... Diputación de esta provincia Andrés Martínez Salazar. |
| 260 |
_aLa Coruña : _b[s.n.], _c1900 ( _fImp. Casa de Misericordia) |
||
| 300 |
_a2 v. (XVI, 366 ; 368 p.) ; _c33 cm. |
||
| 500 | _aAutor tomado de Palau. | ||
| 500 | _aTexto en español y gallego. | ||
| 630 | 0 | 4 |
_aCrónica troyana. _9120409 |
| 700 | 1 |
_aRodríguez, Manuel R. _998281 |
|
| 700 | 1 |
_aMartínez Salazar, Andrés. _978401 |
|
| 852 |
_aES-MaACL _jB-11434-5 |
||
| 852 |
_aES-MaACL _jB-6500 |
||
| 999 |
_c48023 _d48023 |
||